Método histórico e historicismo / (Record no. 22667)

MARC details
000 -LEADER
campo de control de longitud fija 00806nam a2200241 i 4500
001 - NÚMERO DE CONTROL
campo de control 22667
003 - IDENTIFICADOR DE NÚMERO DE CONTROL
campo de control ES-MaACL
005 - FECHA Y HORA DE LA ÚLTIMA TRANSACCIÓN
campo de control 20250818042550.0
007 - CAMPO FIJO DE DESCRIPCIÓN FÍSICA--INFORMACIÓN GENERAL
campo de control de longitud fija t|
008 - DATOS DE LONGITUD FIJA--INFORMACIÓN GENERAL
campo de control de longitud fija 021204s1972 sp ||||1| spa d
100 1# - ENTRADA PRINCIPAL--NOMBRE DE PERSONA
Nombre de persona Althusser, Louis.
9 (RLIN) 20538
245 10 - MENCIÓN DEL TÍTULO
Título Método histórico e historicismo /
Mención de responsabilidad, etc. Louis Althusser ; [traducción Jordi Marfá].
260 ## - PUBLICACIÓN, DISTRIBUCIÓN, ETC.
Lugar de publicación, distribución, etc. Barcelona :
Nombre del editor, distribuidor, etc. Anagrama,
Fecha de publicación, distribución, etc. [1972]
300 ## - DESCRIPCIÓN FÍSICA
Extensión 75 p. ;
Dimensiones 18 cm.
505 8# - NOTA DE CONTENIDO CON FORMATO
Nota de contenido con formato Contiene: El método histórico / Piere Vilar. Sobre el historicismo / Boris Fraenkel
700 1# - ENTRADA AGREGADA--NOMBRE PERSONAL
Nombre de persona Marfà, Jordi.
9 (RLIN) 76598
700 1# - ENTRADA AGREGADA--NOMBRE PERSONAL
Nombre de persona Vilar, Pierre,
Fechas asociadas al nombre 1906-2003
9 (RLIN) 114800
700 1# - ENTRADA AGREGADA--NOMBRE PERSONAL
Nombre de persona Fraenkel, Boris.
9 (RLIN) 52062
740 3# - ENTRADA AGREGADA--TÍTULO RELACIONADO/ANALÍTICO NO CONTROLADO
Título relacionado o analítico no controlado El método historico.
740 0# - ENTRADA AGREGADA--TÍTULO RELACIONADO/ANALÍTICO NO CONTROLADO
Título relacionado o analítico no controlado Sobre el historicismo.
852 ## - LOCALIZACIÓN
Ubicación ES-MaACL
Número de control de estantería C-52739
Sublocalización o colección R.82447
Holdings
Estatus retirado Estado de pérdida Estado de daño No para préstamo Biblioteca de origen Biblioteca actual Ubicación en estantería Fecha de adquisición Fuente de adquisición Total de préstamos Signatura topográfica completa Código de barras Visto por última vez Precio de reemplazo Tipo de ítem Koha
        Biblioteca del Ateneo de Madrid Biblioteca del Ateneo de Madrid Depósito 2 17/01/2008     C-52739 1023338 23/02/2023 23/02/2023 Libro impreso